000 01440nam a22003737a 4500
003 CHAP
005 20220329141142.0
008 971010s1970 r 00010 d
010 _a63470
011 _a64442
035 _a69774
040 _cCHAP
082 _a526.9
_bY4
100 0 0 _aYemanú, Hailú.
_9123069
245 _aTopografía general
260 _aChapingo, Méx. :
_bENA,
_c1970
300 _a220 p.
_b: ilus
590 _aBATCH-UPD
_b10
_c20130110
_lUCH01
_h1208
590 _aBATCH-UPD
_b10
_c20130410
_lUCH01
_h0748
590 _aBATCH-UPD
_b10
_c20130914
_lUCH01
_h2049
590 _aCONVERSION
_b10
_c20130109
_lUCH01
_h1334
650 1 4 _aTopografía.
_9113907
901 _aBK
942 _cLIBRO
949 _a526.9 Y4
_bBC
_cLIBRO
_d33724000403572
_eLIBRO
_fc.8
_h14852
_i69774
_si
949 _a526.9 Y4
_bBC
_cLIBRO
_d33724000403598
_eLIBRO
_fc.9
_h14873
_i69774
_si
949 _a526.9 Y4
_bBC
_cLIBRO
_d33724000403606
_eLIBRO
_fc.74
_h30254
_i69774
_sm
949 _a526.9 Y4
_bBC
_cLIBRO
_d33724000403614
_eLIBRO
_fc.35
_h34215
_i69774
_si
949 _a526.9 Y4
_bBC
_cLIBRO
_d33724000403630
_eLIBRO
_fc.14
_h34294
_i69774
_si
949 _a526.9 Y4
_bBC
_cLIBRO
_d33724000642666
_eLIBRO
_fc.108
_h34288
_i69774
_si
949 _a526.9 Y4
_bBC
_cLIBRO
_d33724000643177
_eLIBRO
_fc.3
_i69774
_si
949 _a526.9 Y4
_bBC
_cLIBRO
_d33724000802393
_eLIBRO
_fc.7
_h14851
_i69774
_si
949 _a526.9 Y4
_bBC
_cLIBRO
_d33724002013231
_eLIBRO
_fc.32
_h34212
_i69774
_si
999 _c63470
_d63470